| 000 | 00391nam a2200145 a 4500 | ||
|---|---|---|---|
| 005 | 20260112063307.0 | ||
| 020 | _a9788175224995 | ||
| 039 | 9 |
_y 201108120456 _z staff |
|
| 100 | _aParekh, Shailesh | ||
| 245 |
_aGhandhi Vs Tagore / _cShailesh Parekh |
||
| 260 |
_aHyderabad : _bOrient Black Swan _cc2010 |
||
| 991 | _aVIRTUA40 | ||
| 991 | _aVTLSSORT0080*0200*1000*2450*2600*9992 | ||
| 909 | _a4064 | ||
| 999 |
_c3601 _d3601 |
||